| 000 | 00395nam a22001577a 4500 | ||
|---|---|---|---|
| 003 | NUST - PNEC | ||
| 005 | 20170116180843.0 | ||
| 008 | 150822b xxu||||| |||| 00| 0 eng d | ||
| 020 | _a- | ||
| 040 | _cLIBRARY | ||
| 082 | _a510 ICM | ||
| 100 |
_95426 _aICMA |
||
| 245 |
_aMathematics and statistics : ICMA Foundation stage paper 4 _cICMA |
||
| 650 |
_95427 _aMathematics _xME |
||
| 942 |
_2ddc _cBK |
||
| 999 |
_c64437 _d64437 |
||